01035 2200325 4500001002100000005001500021035002000036007000300056008004100059020002200100082001400122084001600136100003600152245013900188250003000327300004400357650002900401264003500430336002100465337003000486338002300516040002200539090002200561850001200583504003200595999002200627041000800649546003000657990002200687INLIS00000000088036120230726013649 a0010-0723000732ta210510s2023 yoia g eng d a978-623-183-302-104223a362.7 a362.7 CHE i0 aChesa Syaqira MakmurePengarang10aIs it still child abuse? :breviewing child protection during the covid-19 pandemic and post-covid-19 pandemic /cChesa Syaqira Makmur aCetakan pertama, Mei 2023 aviiii, 58 halaman :bilustrasi ;c23 cm 4aAnak, kekerasan terhadap31aBantul :bJejak Pustaka,c2023 2rdacontentateks 2rdamediaatanpa perantara 2rdacarrieravolume aYOPDYOGbinderda aCB-D.11 2023-1397 aYOPDYOG aBibliografi : halaman 53-57 aCB-D.11/2023-13970 aeng aTeks dalam bahasa Inggris aCB-D.11/2023-1397